1331 1686 1637 1000 1560 1932 1784 1772 1309 1624 1943 1842 1756 1993 1873 1138 1343 1930 1300 1602 1281 1980 1099 1109 1410 1884 1334 1322 1523 1208 1752 1600 1171 1074 1460 1331 1209 1807 1061 1718 1650 1824 1327 1073 1460 1246 1628 1307 1375 1270 1056 1577 1913 1575 1299 1446 1896 1934 1415 1072 1288 1087 1163 1716 1775 1374 1588 1097 1334 1475 1966 1583 1190 1083 1523 1481 1474 1729 1962 1176 1431 1568 1501 1520 1339 1469 1917 1166 1568 1713 1406 1903 1762 1518 1075 1461 1246 1526 1695 BCNSPRNW ULIB Ver.6.0+V

เปลี่ยนเป็นภาษาไทย

Change to English
 แสดงรายละเอียดบรรณานุกรม
  กลับหน้าหลัก

Brief Record : Get Marc (ISO 2709) : E-mail record : QR code < ปิดหน้าต่าง
LEADER : 00000nam 2200000uu 4500
001    13399111930
003     ULIB
008    110712s2551||||th 000 0 tha d
020    9789746433709(ล.2)
060  4 WY100^bส719ม ล.2 2551
110 1  มหาวิทยาลัยสุโขทัยธรรมาธิราช^bสาขาวิชาพยาบาลศาสตร์
245 00 เอกสารการสอนชุดวิชา มโนมติและกระบวนการพยาบาล หน่วยที่7-15=^bNursing concept and process /^cบรรณาธิการ วาริณี เอี่ยมสวัสดิกุล
246 0  Nursing concept and process
250    พิมพ์ครั้งที่ 11
260    นนทบุรี:^bศูนย์หนังสือมหาวิทยาลัยสุโขทัยธรรมาธิราช,^c2551
300    406 หน้า
650  7 การพยาบาล
650  7 การพยาบาลส่งเสริมสุขภาพ
650  7 การพยาบาลครอบครัว
650  7 การพยาบาลชุมชน
650  7 การพยาบาลบุคคล
650  7 การวินิจฉัยทางการพยาบาล
945    ^p0^l0^i18388
945    ^p0^l0^i18389
945    ^p0^l0^i18390
995    กัณชพร
999    ^aใช้งานได้ทุกระบบ
รายการนี้ยังไม่มีแท็ก
คุณยังไม่ได้ล็อกอิน คุณสามารถมีกิจกรรมร่วมกับเว็บไซต์ได้ แต่ต้องล็อกอินก่อน ::
  ล็อกอิน

รายการสื่อสารสนเทศ

ลำดับที่ ประเภท เลขเรียก/บาร์โค้ด สถานที่ สถานะ
1. วิทยาศาสตร์การแพทย์ และสุขภาพ
วิทยาศาสตร์การแพทย์ และสุขภาพ
WY100 ส719ม ล.2 2551  
  Barcode: 18388
ห้องสมุดวิทยาเขตสวรรค์ประชารักษ์
►ส่วนจัดเก็บหนังสือเก่า สปร
บนชั้น
  ขอยืม
2. วิทยาศาสตร์การแพทย์ และสุขภาพ
วิทยาศาสตร์การแพทย์ และสุขภาพ
WY100 ส719ม ล.2 2551 ฉ.2 
  Barcode: 18389
ห้องสมุดวิทยาเขตสวรรค์ประชารักษ์
►ส่วนจัดเก็บหนังสือเก่า สปร
บนชั้น
  ขอยืม
3. วิทยาศาสตร์การแพทย์ และสุขภาพ
วิทยาศาสตร์การแพทย์ และสุขภาพ
WY100 ส719ม ล.2 2551 ฉ.3 
  Barcode: 18390
ห้องสมุดวิทยาเขตสวรรค์ประชารักษ์
►ส่วนจัดเก็บหนังสือเก่า สปร
บนชั้น
  ขอยืม

รายการใกล้เคียง
    หัวเรื่อง [การพยาบาล]
    หัวเรื่อง [การพยาบาลส่งเสริมสุขภาพ]
    หัวเรื่อง [การพยาบาลครอบครัว]
    หัวเรื่อง [การพยาบาลชุมชน]
    หัวเรื่อง [การพยาบาลบุคคล]
    หัวเรื่อง [การวินิจฉัยทางการพยาบาล]

BibComment


ยังไม่เคยถูกคอมเมนท์

คอมเมนท์ทรัพยากรรายการนี้
  คอมเมนท์: เอกสารการสอนชุดวิ..


 Copyright 2026. Bcnsprnw @Library